Word Chain Puzzle #1 - Statistics

General Stats
  • This quiz has been taken 27 times
  • The average score is 7 of 15
Answer Stats
Hint Answer % Correct
S _ _ _ Suit
85%
O _ _ Off
70%
C _ _ _ Case
65%
C _ _ _ _ _ Closed
60%
O _ _ Out
55%
D _ _ Dog
50%
G _ _ _ _ Guard
50%
H _ _ _ _ House
45%
D _ _ Day
40%
T _ _ _ Time
40%
B _ _ _ _ Break
25%
D _ _ _ Down
25%
F _ _ _ _ Field
25%
P _ _ _ _ Party
25%
S _ _ _ Size
15%
No matching quizzes found
Score Distribution
Percent of People with Each Score
Percentile by Number Answered
Your Score History
You have not taken this quiz